000 00917 a2200265 4500
001 111235
020 _a9781935099116 (pbk. : alk. paper w/DVD)
041 _apor
090 _aPL 510 PAR
092 _a2010032486
100 _aParrish, Sherry.
250 _a. ed.
300 _axli, 390 p.
697 _aArithmetic - Study and teaching.
697 _aArithmetic - Study and teaching (Elementary)
697 _aArithmetic - Study and teaching (Preschool)
697 _aThought and thinking - Study and teaching (Elementary)
697 _aThought and thinking - Study and teaching.
697 _aThought and thinking - Study and teaching (Preschool)
856 _u00001c/00001cf9.jpg
040 _aBR-BrIDEA
_cBR-BrIDEA
245 1 0 _aNumber talks
_bhelping children build mental math and computation strategies, grades K-5
_c Sherry Parrish
260 _a[S.l.]
_bMath Solutions
_c2010
942 _cBK
999 _c111235
_d111235